Artificial Intelligence as a Driver of the Circular Economy Within the Business Clusters in the European Union Countries

Enregistré dans:
Détails bibliographiques
Auteur principal: Gajdová, Denisa, 1977-
Format: Chapitre de livre
Langue:anglais
Sujets:
Tags: Ajouter un tag
Pas de tags, Soyez le premier à ajouter un tag!

MARC

LEADER 00000naa$a2200000$$$4500
001 0314389
005 20260126113312.5
041 0 |a eng 
044 |a SK 
245 1 0 |a Artificial Intelligence as a Driver of the Circular Economy Within the Business Clusters in the European Union Countries  |c Denisa Gajdová 
610 2 0 |a ekonómia 
610 2 0 |a manažment 
610 2 0 |a podnikanie 
610 2 0 |a digitalizácia 
610 2 0 |a financie 
100 1 |a Gajdová, Denisa, 1977-